00265nam a2200109Ia 4500008004100000082001600041100002000057245003200077250000900109260002900118300000800147150731s2011 xx 000 0 und d a611bH 11 S aSINGH, INDERBIR aTEXTBOOK OF HUMAN OSTEOLOGY a3 RD bJAYPE MEDICAL PUB.c2011 a342